000 00252nam a2200097Ia 4500
001 1053190
005 20250827001300.0
008 250824s9999 xx 000 0 und d
245 0 _aİÇİMİZDEKİ ŞEYTAN
_cSABAHATTİN ALİ
260 _bMARTI YAYINCILIK
999 _c1053190
_d1053190